Truth images and distortions: a view of the Indian press (Record no. 355510)

000 -LEADER
fixed length control field 00381cam a22001337a 4500
008 - FIXED-LENGTH DATA ELEMENTS--GENERAL INFORMATION
fixed length control field 180718b1984 xxu||||| |||| 00| 0 eng d
082 ## - DEWEY DECIMAL CLASSIFICATION NUMBER
Classification number I548xT367
100 ## - MAIN ENTRY--PERSONAL NAME
Personal name Thomas, Sunny
245 ## - TITLE STATEMENT
Title Truth images and distortions: a view of the Indian press
Statement of responsibility, etc. by Sunny Thomas
260 ## - PUBLICATION, DISTRIBUTION, ETC.
Place of publication, distribution, etc. New Delhi
Name of publisher, distributor, etc. Heritage
Date of publication, distribution, etc. 1984
300 ## - PHYSICAL DESCRIPTION
Extent 224p.
650 ## - SUBJECT ADDED ENTRY--TOPICAL TERM
Topical term or geographic name entry element Journalism --India
650 ## - SUBJECT ADDED ENTRY--TOPICAL TERM
Topical term or geographic name entry element Journalism
Holdings
Withdrawn status Lost status Damaged status Not for loan Permanent Location Current Location Date acquired Full call number Barcode Date last seen Price effective from Koha item type
        Indian Institute of Public Administration Indian Institute of Public Administration 1993-12-22 I548xT367 60716 2018-07-21 2018-07-21 Book

Powered by Koha